000 00692nam a22002417a 4500
003 UA-OsUOA
001 62538
007 ta
008 20090902b un ||||| |||| 00| 0 ukr d
100 _aРагинский М. Ю.
700 _aРозенблит С. Я.
090 _a94(520)
_bР14
942 _cBK
040 _aUA-OsUOA
_brus
_cUA-OsUOA
_dUA-OsUOA
245 _aМеждународный процесс главных японских военных преступников
300 _a261 с.
955 _a2
041 _arus
080 _a94(520)
260 _aМ.
_c1950
650 7 _a9 Географія. Біографії. Історія
_2UDC
999 _c348627
_d348627